| 000 | 00453nam a2200193Ia 4500 | ||
|---|---|---|---|
| 008 | 170918s9999 xx 000 0 und d | ||
| 020 | _a9780590319904 | ||
| 050 | _bM476 1997 | ||
| 100 | _aMazer, Norma Fox | ||
| 245 | _aWhen she was good / | ||
| 245 | _cNorma Fox Mazer. | ||
| 260 | _aNew York : | ||
| 260 | _bScholastic, | ||
| 260 | _c1997 | ||
| 300 | _a228 pages : | ||
| 300 | _bcolored illustration ; | ||
| 300 | _c17cm. | ||
| 500 | _a650 | ||
| 999 |
_c341844 _d341844 |
||